Livret de folastries (Record no. 132640)

MARC details
000 -LEADER
campo de control de longitud fija 00667nam a2200169 4500
001 - NÚMERO DE CONTROL
campo de control 132640
003 - IDENTIFICADOR DE NÚMERO DE CONTROL
campo de control ES-MaACL
005 - FECHA Y HORA DE LA ÚLTIMA TRANSACCIÓN
campo de control 20230906194222.0
007 - CAMPO FIJO DE DESCRIPCIÓN FÍSICA--INFORMACIÓN GENERAL
campo de control de longitud fija t|
008 - DATOS DE LONGITUD FIJA--INFORMACIÓN GENERAL
campo de control de longitud fija 070214s1907 fr r ||||1| fre d
100 1# - ENTRADA PRINCIPAL--NOMBRE DE PERSONA
Nombre de persona Ronsard, Pierre de.
9 (RLIN) 99517
245 10 - MENCIÓN DEL TÍTULO
Título Livret de folastries
Resto del título : publié sur l'édition originale de 1553 et augmenté d'un choix de pièces d'expression satyrique et gauloise tirées des éditions originales /
Mención de responsabilidad, etc. avec une notice et des notes par Ad. Van Bever.
260 ## - PUBLICACIÓN, DISTRIBUCIÓN, ETC.
Lugar de publicación, distribución, etc. Paris :
Nombre del editor, distribuidor, etc. Société du `Mercure de France`,
Fecha de publicación, distribución, etc. 1907.
300 ## - DESCRIPCIÓN FÍSICA
Extensión 257 p., 1 lám. ;
Dimensiones 19 x 12 cm.
700 1# - ENTRADA AGREGADA--NOMBRE PERSONAL
Nombre de persona Bever, Adolphe van.
9 (RLIN) 28713
852 ## - LOCALIZACIÓN
Ubicación ES-MaACL
Número de control de estantería G-14863
Holdings
Estatus retirado Estado de pérdida Estado de daño No para préstamo Biblioteca de origen Biblioteca actual Ubicación en estantería Fecha de adquisición Fuente de adquisición Total de préstamos Signatura topográfica completa Código de barras Visto por última vez Precio de reemplazo Tipo de ítem Koha
        Biblioteca del Ateneo de Madrid Biblioteca del Ateneo de Madrid Sala Pecera Planta 3 17/01/2008     G-14863 1138091 23/02/2023 23/02/2023 Libro impreso